Không bao giờ là cuối Tuyển thơ

Na minha lista:
Detalhes bibliográficos
Autor principal: Xuân, Quỳnh
Formato: Livro
Idioma:Vietnamese
Publicado em: Hà Nội Hội nhà văn; Công ty Văn hóa và Truyền thông Nhã Nam 2011
Edição:In lần thứ ba
Assuntos:
Tags: Adicionar Tag
Sem tags, seja o primeiro a adicionar uma tag!
Thư viện lưu trữ: Trung tâm Học liệu Lê Vũ Hùng, Trường Đại học Đồng Tháp
LEADER 00920aam a22003138a 4500
001 00033168
005 20171026081025.0
008 150424s2011 ||||||viesd
020 # # |c 70000 
041 0 # |a vie 
082 1 4 |a 895.922 134  |b KH455B 
100 1 # |a Xuân, Quỳnh 
245 1 0 |a Không bao giờ là cuối  |c Xuân Quỳnh  |b Tuyển thơ 
250 # # |a In lần thứ ba 
260 # # |a Hà Nội  |b Hội nhà văn; Công ty Văn hóa và Truyền thông Nhã Nam  |c 2011 
300 # # |a 288 tr.  |c 23 cm.  |b tranh vẽ 
653 # # |a Thơ 
653 # # |a Tác phẩm 
653 # # |a Việt Nam 
653 # # |a Văn học hiện đại 
852 # # |b Kho đọc  |j KD.0016597 
852 # # |j KD.0016597 
910 0 # |d 24/4/2015  |a kchi 
980 # # |a Trung tâm Học liệu Lê Vũ Hùng, Trường Đại học Đồng Tháp